1871 1442 1207 1247 1689 1333 1055 1641 1612 1779 1771 1972 1186 1998 1453 1320 1369 1145 1390 1408 1739 1781 1599 1958 1236 1583 1322 1870 1377 1835 1915 1154 1919 1859 1691 1388 1008 1223 1590 1819 1918 1834 1957 1748 1569 1164 1738 1766 1617 1966 1892 1738 1522 1509 1142 1938 1730 1299 1473 1018 1631 1525 1501 1025 1916 1425 1344 1709 1124 1978 1545 1326 1686 1960 1673 1201 1161 1673 1017 1779 1688 1742 1367 1898 1667 1758 1791 1486 1709 1635 1424 1686 1563 1247 1056 1515 1230 1777 1706 BCNSPRNW ULIB Ver.6.0+V

เปลี่ยนเป็นภาษาไทย

Change to English
 แสดงรายละเอียดบรรณานุกรม
  กลับหน้าหลัก

Brief Record : Get Marc (ISO 2709) : E-mail record : QR code < ปิดหน้าต่าง
LEADER : 00000nas 2200000uu 4500
001    13399124969
003     ULIB
008    160526s||||||||th 000 0 tha d
022 0  1905-7075
110 1  สำนักงานวารสาร ศูนย์อนามัยที่ 9 นครราชสีมา
245 00 วารสารศูนย์อนามัยที่ 9
246 0  วารสารส่งเสริมสุขภาพและอนามัยสิ่งแวดล้อม
310    ^aรายสี่เดือน
850 ^a ULIB^bปีที่ 9 ฉบับที่ 20 ฉ.1 ;ปีที่ 10 ฉบับที่ 21 ฉ.1 ;ปีที่ 10 ฉบับที่ 22 ฉ.1 ;ปีที่ 10 ฉบับที่ 23 ฉ.1 ;ปีที่ 11 ฉบับที่ 24 ฉ.1
856    http://hpc9.anamai.moph.go.th/main.php?filename=Strategic_Plan_05
945    ^p0^l0^i903818
945    ^p0^l0^i904023
945    ^p0^l0^i904055
945    ^p0^l0^i904427
945    ^p0^l0^i904617
999    ^aวรรณษา ชูชัยมงคล
รายการนี้ยังไม่มีแท็ก
คุณยังไม่ได้ล็อกอิน คุณสามารถมีกิจกรรมร่วมกับเว็บไซต์ได้ แต่ต้องล็อกอินก่อน ::
  ล็อกอิน

รายการสื่อสารสนเทศ (วารสาร)

ดูแบบ: กล่อง รายการ
ARRIVED
ปีที่ 9 ฉบับที่ 20 ฉ.1
สถานที่: ห้องสมุดวิทยาเขตสวรรค์ประชารักษ์ >หนังสือพิมพ์
ARRIVED
ปีที่ 10 ฉบับที่ 21 ฉ.1
สถานที่: ห้องสมุดวิทยาเขตสวรรค์ประชารักษ์ >หนังสือพิมพ์
ARRIVED
ปีที่ 10 ฉบับที่ 22 ฉ.1
สถานที่: ห้องสมุดวิทยาเขตสวรรค์ประชารักษ์ >หนังสือพิมพ์
ARRIVED
ปีที่ 10 ฉบับที่ 23 ฉ.1
สถานที่: ห้องสมุดวิทยาเขตสวรรค์ประชารักษ์ >หนังสือพิมพ์
ARRIVED
ปีที่ 11 ฉบับที่ 24 ฉ.1
สถานที่: ห้องสมุดวิทยาเขตสวรรค์ประชารักษ์ >วารสาร
รายการใกล้เคียง
    ชื่อเรื่อง [วารสารศูนย์อนามัยที่ 9]

BibComment


ยังไม่เคยถูกคอมเมนท์

คอมเมนท์ทรัพยากรรายการนี้
  คอมเมนท์: วารสารศูนย์อนามัย..


 Copyright 2026. Bcnsprnw @Library